Τουριστική γεωγραφία της Ελλάδας
Αποθηκεύτηκε σε:
| Κύριος συγγραφέας: | |
|---|---|
| Μορφή: | Βιβλίο |
| Γλώσσα: | Greek |
| Δημοσίευση: |
Αθήνα :
Τυροβόλας,
1977
|
| Θέματα: | |
| Ετικέτες: |
Προσθήκη ετικέτας
Δεν υπάρχουν, Καταχωρήστε ετικέτα πρώτοι!
|
MARC
| LEADER | 00000nam a2200000 i 4500 | ||
|---|---|---|---|
| 001 | 1/54509 | ||
| 008 | 950118s1977 gre d | ||
| 035 | |l 10027695 | ||
| 040 | |a GR-MY-UA |b gre |e aacr | ||
| 041 | 0 | |a gre | |
| 082 | 0 | |a 338.4791 | |
| 100 | 1 | |a Πετρόπουλος, Αλέξανδρος. | |
| 245 | 1 | 0 | |a Τουριστική γεωγραφία της Ελλάδας / |c Αλέξανδρου Πετρόπουλου |
| 260 | |a Αθήνα : |b Τυροβόλας, |c 1977 | ||
| 300 | |a 157 σ. | ||
| 650 | 0 | 0 | |a Tourism |z Greece. |
| 650 | 0 | 0 | |a Travel agents |z Greece. |
| 852 | |a INST |b CHIOS |e 19950118 |h 338.4791 ΠΕΤ |p 005200005223 |q 005200005223 |t BK |y 0 | ||
| 909 | |a Χ |b 000260 | ||